| 000 | 00764nam a22002657a 4500 | ||
|---|---|---|---|
| 003 | BPGM | ||
| 008 | 260704e2010 -cnaco|ar|||| 000 0 spa d | ||
| 040 | _bspa | ||
| 041 |
_aspa _heng |
||
| 082 | 0 | 4 |
_aI / 629.224 / _bH351c |
| 110 | _aPHIDAL PUBLISHING INC. | ||
| 245 |
_aTONKA _b¡CAMIONES EN ACCIÓN!: |
||
| 260 |
_aCANADA : _c2010 |
||
| 264 |
_aCANADA : _c2010 |
||
| 300 |
_a9 páginas ; _b26 cm x 25.9 cm |
||
| 336 |
_2rdacontent _atexto _btxt |
||
| 337 |
_2rdamedia _asin mediación _bn |
||
| 338 |
_2rdacarrier _avolumen _bnc |
||
| 490 | 0 | _aMI PRIMER LIBRO DE ROMPECABEZAS | |
| 650 | _2TECNOLOGÍA (CIENCIAS APLICADAS) | ||
| 650 | _2INGENIERÍA Y OPERACIONES AFINES | ||
| 650 | _2OTRAS RAMAS DE INGENIERIA | ||
| 650 | _2CAMIONES | ||
| 942 |
_2ddc _cBKN |
||
| 999 |
_c68757 _d68757 |
||